MARC details
| 000 -LEADER |
| fixed length control field |
01101nam a2200229 a 4500 |
| 008 - FIXED-LENGTH DATA ELEMENTS--GENERAL INFORMATION |
| fixed length control field |
071107s2006 ||||||||||||||||| || u |
| 022 ## - |
| -- |
0006324X |
| 050 ## - LIBRARY OF CONGRESS CALL NUMBER |
| Classification number |
QH 541.5.R27 |
| 100 ## - MAIN ENTRY--PERSONAL NAME |
| Personal name |
Alonso, Alfonso [et. al] |
| 245 10 - TITLE STATEMENT |
| Title |
Gamba, Gabon: biodiversity of an equatorial African rainforest |
| Statement of responsibility, etc. |
edited by Alfonso Alonso [et.al.] |
| 246 ## - |
| -- |
Biodiversite d'une foret equatoriale africaine |
| 260 ## - PUBLICATION, DISTRIBUTION, ETC. |
| Place of publication, distribution, etc. |
Washington D.C.: |
| Name of publisher, distributor, etc. |
Biological Society of Washington |
| Date of publication, distribution, etc. |
2006 |
| 300 ## - PHYSICAL DESCRIPTION |
| Extent |
436p. :ill. |
| 350 ## - |
| -- |
0.00 |
| 490 ## - |
| -- |
Bulletin of the Biological Society of Washington |
| 650 ## - SUBJECT ADDED ENTRY--TOPICAL TERM |
| Topical term or geographic name entry element |
ECOLOGY |
| 650 ## - SUBJECT ADDED ENTRY--TOPICAL TERM |
| Topical term or geographic name entry element |
BIOLOGICAL DIVERSITY--GAMBA, GABON |
| 650 ## - SUBJECT ADDED ENTRY--TOPICAL TERM |
| Topical term or geographic name entry element |
RAIN FOREST ECOLOGY--GAMBA, GABON |
| 710 ## - ADDED ENTRY--CORPORATE NAME |
| Corporate name or jurisdiction name as entry element |
Biological Society of Washington |
| 995 ## - |
| -- |
ANNEX COLLECTION (Main Library) |
| -- |
0.00 |
| -- |
741135 |
| -- |
CBU-MAIN LIBRARY (Kitwe) |
| -- |
1 |
| -- |
0.00 |
| -- |
QH 541.5.R27 GAM |
| -- |
1 |
| -- |
AVAILABLE |
| -- |
Nov 7, 2007 |
| -- |
741135 |
| -- |
Annex Low-Usage Collection |
| 995 ## - |
| -- |
ANNEX COLLECTION (Main Library) |
| -- |
0.00 |
| -- |
740791 |
| -- |
CBU-MAIN LIBRARY (Kitwe) |
| -- |
1 |
| -- |
0.00 |
| -- |
QH 541.5.R27 GAM |
| -- |
2 |
| -- |
AVAILABLE |
| -- |
Feb 16, 2010 |
| -- |
740791 |
| -- |
Annex Low-Usage Collection |
| 999 ## - |
| -- |
75806 |
| -- |
75806 |